La Rigidez del sistema político hondureño y el proceso de convergencia nacional /
Indistintamente del país donde se analiza, no existe mejor alternativa para enfrentar la problemática nacional que no sea por medio del acuerdo y el compromiso adquirido entre los principales sectores de la sociedad y el gobierno. La naturaleza de la crisis y sus múltiples aspectos y causas son tan...
Guardado en:
| Hovedforfatter: | |
|---|---|
| Format: | Texto |
| Fag: | |
| Tags: |
Tilføj Tag
Ingen Tags, Vær først til at tagge denne postø!
|
MARC
| LEADER | 00000 a a2200000 04500 | ||
|---|---|---|---|
| 001 | 2090 | ||
| 003 | |||
| 040 | |||
| 100 | |a Iriarte Arita, Marco Orlando | ||
| 245 | |a La Rigidez del sistema político hondureño y el proceso de convergencia nacional / |c Marco Orlando Iriarte Arita | ||
| 520 | |a Indistintamente del país donde se analiza, no existe mejor alternativa para enfrentar la problemática nacional que no sea por medio del acuerdo y el compromiso adquirido entre los principales sectores de la sociedad y el gobierno. La naturaleza de la crisis y sus múltiples aspectos y causas son tan amplios que ningún grupo o partido, sector o el gobierno podrá enfrentarla y resolverla por sí solo. El proceso de Convergencia Nacional en Honduras no ha tenido un real y efectivo proceso de entendimiento y acuerdo entre gobernantes y gobernados las debilidades y limitaciones de este proceso, no son sólo culpa de sus actuales integrantes, sino que son también responsabilidad de la sociedad en general. Pero el éxito o fracaso dependen más del gobierno y de los partidos políticos, por ser estos los responsables de la marcha y de los fines de la sociedad en su globalidad. Se agrega, sin embargo, que cuando se habla del poder político se refiere a la sociedad global y su actuación está dirigida a la orientación, conformación y resolución de los problemas de la sociedad como un todo. Para tener una mejor comprensión de la naturaleza y actuación del sistema político, el análisis necesariamente debe de extenderse al entorno socioeconómico y cultural que lo rodea y comprender en forma precisa la estructura, funcionamiento y mecanismos que se emplean para tomar las decisiones. LOB/LOB | ||
| 650 | |a SISTEMAS POLITICOS | ||
| 650 | |a PARTIDOS POLITICOS | ||
| 650 | |a IDEOLOGIAS | ||
| 650 | |a ESTRATEGIA DEL DESARROLLO | ||
| 650 | |a GRUPOS DE INTERESES | ||
| 650 | |a SOCIEDAD CIVIL | ||
| 650 | |a DEMOCRACIA | ||
| 773 | |g número 186; páginas 7, 11-12 | ||
| 999 | |c 31836 |d 31836 | ||
